Dodatky HSV 7, dodatky PSV 5 za 2. pololetí 1984.
Uložené v:
| Médium: | Kniha |
|---|---|
| Jazyk: | Czech |
| Vydané: |
Praha :
Ústav racionalizace ve stavebnictví,
1985.
|
| Vydanie: | 1. vyd. |
| ISBN: |
(brož.) |
| Fyzický popis: |
23 s. |
| Tagy: |
Pridať tag
Žiadne tagy, Buďte prvý kto otaguje tento záznam!
|
Titul je dostupný aj v ... 

MARC
| LEADER | 00000nam a2200000 a 4500 | ||
|---|---|---|---|
| 001 | 000107430 | ||
| 005 | 20120823143550.0 | ||
| 008 | 040101s1985 xr e 000 0 cze d | ||
| 020 | |a (brož.) | ||
| 040 | |a SVKKK |b slo |c SVKKK |e AACR2 | ||
| 041 | 0 | |a cze | |
| 044 | |a xr |c CZ | ||
| 245 | 0 | 0 | |a Dodatky HSV 7, dodatky PSV 5 za 2. pololetí 1984. |
| 250 | |a 1. vyd. | ||
| 260 | |a Praha : |b Ústav racionalizace ve stavebnictví, |c 1985. | ||
| 300 | |a 23 s. | ||
| 910 | |a svkkk | ||
| 998 | |a BK | ||
| 090 | |g SCKHL |k Sklad Pribinova 2. posch. |a II.296761 |j 727421 |i 107430-10 |s Absenčne | ||
| 090 | |g SCKHL |k Sklad Pribinova 2. posch. |a II.298114 |j 737236 |i B256001 |s Absenčne | ||